LEADER 01241nam0-22003851i-450- 001 990003127090403321 010 $a88-204-7175-2 035 $a000312709 035 $aFED01000312709 035 $a(Aleph)000312709FED01 035 $a000312709 100 $a20000920d1993----km-y0itay50------ba 101 0 $aita 102 $aIT 200 1 $aMax Weber$eDa Heidelberg al Midwest$fHans H.Gerth, Charles Wright Mills$ga cura di Pietro L. Di Giorgi$gPrefazione di Angelo Scivoletto. 205 $a2a ed. 210 $aMilano$cFranco Angeli$d1993. 215 $a148 p.$d21 cm 225 1 $aCollana dell'Istituto di sociologia dell'Università di Parma$iSez. Momenti del pensiero sociologico$v19 300 $a[Trad di: The Man and His Work, in "From Max Weber : Essays in Sociology", c1946] 610 0 $aWeber, Max$aBiografie 676 $a10560 676 $a21110 702 1$aDi Giorgi,$bPietro L. 702 1$aGerth,$bHans H. 702 1$aMills,$bCharles Wright$f<1916-1962> 702 1$aScivoletto,$bAngelo 801 0$aIT$bUNINA$gRICA$2UNIMARC 901 $aBK 912 $a990003127090403321 952 $a10560 GER$b14051$fSES 959 $aSES 996 $aMax Weber$9456492 997 $aUNINA DB $aING01 LEADER 01100nam0 22002651i 450 001 VAN0033044 005 20050427120000.0 010 $a88-7187-639-3 100 $a20050228d1994 |0itac50 ba 101 $aita 102 $aIT 105 $a|||| ||||| 200 1 $aManager forti azionisti deboli$eeconomia, finanza e scelte politiche alle radici della corporate governance$fMark J. Roe; introduzione all'edizione italiana di Gianfranco Imperatori 210 $dMilano : Il sole 24 ore$dc1994 215 $a416 p.$d24 cm. 620 $dMilanofiori, Assago$3VANL000012 700 1$aRoe$bMark J.$3VANV027648$0140521 702 1$aImperatori$bGianfranco$3VANV027708 712 $aIl sole 24 ore $3VANV108714$4650 801 $aIT$bSOL$c20230728$gRICA 899 $aBIBLIOTECA DEL DIPARTIMENTO DI GIURISPRUDENZA$1IT-CE0105$2VAN00 912 $aVAN0033044 950 $aBIBLIOTECA DEL DIPARTIMENTO DI GIURISPRUDENZA$d00CONS VI.Eb.238 $e00 20617 20050228 996 $aManager forti azionisti deboli$91430915 997 $aUNICAMPANIA